000 00810cam a2200217 a 4500
001 000001726
005 20200929145658.0
008 970417q19971997fluac 001 0dspa
020 _a188461910X
082 _a320.991
_bS961r
100 1 _aSuárez Feliú, Néstor,
_d1917-
_95619
245 1 3 _aEl rescate de una nación /
_cNéstor Suárez Feliú.
260 _aMiami, Florida :
_bFundación Nacional Cubano Americana,
_c[1997].
300 _a250 p. :
_bil., retrs. ;
_c22 cm.
500 _aIncluye índice alfabético
651 4 _aCuba
_xPolítica Y Gobierno
_y1959-1990.
_95620
651 4 _aCuba
_xActividad Política
_xHistoria
_ySIGLO XX
_95621
710 1 _aFondo de Estudios Cubanoamericanos de la Fundación Nacional Cubana Americana
_95622
910 _aCatalogación por copia / LC
999 _c1604
_d1604
040 _aDO-SdBNP